Nasadzovanie technológie IPv6

Guardado en:
Detalles Bibliográficos
Autor principal: Hinduliak, Daniel (Autor)
Otros Autores: Kotuliaková, Kvetoslava (Orientador)
Formato: Manuscrito Libro
Lenguaje:eslovaco
Publicado: 2017
Materias:
Acceso en línea:http://is.stuba.sk/zp/portal_zp.pl?podrobnosti=127474
Etiquetas: Agregar Etiqueta
Sin Etiquetas, Sea el primero en etiquetar este registro!

MARC

LEADER 00000ntm a22000003a 4500
001 stuzp60630
003 SK-STU
005 20170703141713.0
007 ta
008 150427s2015----xo-----f-mn---000-0-slo-d
040 |a STU  |b slo 
041 0 |a slo 
044 |a xo 
100 1 |a Hinduliak, Daniel  |u 037000  |4 aut  |U FEI Fakulta elektrotechniky a informatiky  |T FEI Ústav multimediálnych informačných a komunikačných technológií  |X 47362  |U E070  |Y 818  |7 47362 
242 0 1 |a Deployment of IPv6 technology  |y eng 
245 1 0 |a Nasadzovanie technológie IPv6 
260 |c 2017 
300 |a 57 s. 
650 4 |a IPv6  |2 slo 
650 4 |a konfigurácia  |2 slo 
650 4 |a smerovanie  |2 slo 
650 4 |a IPv6  |2 eng 
650 4 |a configuration  |2 eng 
650 4 |a routing  |2 eng 
700 1 |a Kotuliaková, Kvetoslava  |u 037000  |k Z1  |4 ths  |U FEI Fakulta elektrotechniky a informatiky  |T FEI Ústav multimediálnych informačných a komunikačných technológií  |X 2015  |U E070  |Y 818  |7 A000002015 
856 4 |u http://is.stuba.sk/zp/portal_zp.pl?podrobnosti=127474 
996 |b 284EP11767  |c E*DIPL- 11767  |l EE37  |s P  |a 0  |w stuzp60630_0001